Регионална библиотека "Любен Каравелов" - Русе

Вентилация и отопление в животновъдните ферми (Запис номер 42229)

MARC детайли
000 -Лидер
Контролно поле с фиксирана дължина nam a22 a 4500
003 - Код на организацията, давaща контролен номер
Контролно поле BLK
005 - Дата и час на последна редакция
Контролно поле 20221201171338.0
008 - Елементи от данни с фиксирана дължина
fixed length control field 180408b bul|||||r ||||||| ||bul||
040 ## - Източник на каталожния запис
Идентификатор на билиотеката - собственик на записа BLK
041 ## - Код за език
Код за езика на текст/звукозапис или на отделно заглавие Български
Код за езика КДБФ Български
080 ## - УДК
Текстов определител УДК Животновъдни сгради и съоръжения. Ферми. Спомагателни помещения. Оборудване. Вж и 728. 9; 69; 636. 08; 727. 6; 631. 3
УДК код - определител по УДК 631.22
УДК определител (035)
УДК - код + определител 631.22(035)
100 1# - Редна дума - Автор
Автор Спасов, Мирчо
Авторска отговорност първи автор
R(LIN) 278089
139 ## - Редно поле
Редна дума Вентилация и отопление в животновъдните ферми
245 10 - Сведения за заглавието
Заглавие Вентилация и отопление в животновъдните ферми
Подзаглавни данни Ръководство
Редно поле (дума) Мирчо Спасов.
250 ## - Област на изданието
Сведения за изданието 2. изд.
257 ## - Страна на издаване
Страна на създаване/издаване България
260 ## - Област на издателските данни
Място на издаване, разпространение и проч. София
Име на издателя, разпространителя и проч. Земиздат
Година на издаване 1980
300 ## - Физическа характеристика
Страници 256 с.
Илюстрации и др. с ил., диагр.
Размери/Мащаб 20 см
380 ## - Жанр
Жанр Селско стопанство
500 ## - Общи забележки
Забележка Други авт. : Гено Грозев, Иван Горанов, Станислав Златарев. - 1. изд. 1975.
650 #4 - Допълнително описание по предмет – тема
Основно описание – тема или топоним Животновъдни ферми - вентилация и отопление
9 (RLIN) 278090
653 ## - Ключова дума – ненормативна
Ключова дума животновъдни сгради
653 ## - Ключова дума – ненормативна
Ключова дума вентилационни инсталации
653 ## - Ключова дума – ненормативна
Ключова дума отопление
852 ## - Местоположение
Форматна сигнатура Цб 102024
Фондова буква Хранилище
999 ## - СИСТЕМНИ КОНТРОЛНИ НОМЕРА
Koha biblionumber 42229
Koha biblioitemnumber 42229
942 ## - АРТИКУЛИ
Вид на библиотечния материал Книги
Скрит в OPAC Не
Периодичен библиозапис Да
944 ## - СЪЗДАВАНЕ И РЕДАКЦИЯ на ЗАПИСА
Създаване/Редакция Създаване
Дата на регистрацията/редакция 31.08.2016
Служител, извършил регистрацията/редакцията Теодора_Стоянова
944 ## - СЪЗДАВАНЕ И РЕДАКЦИЯ на ЗАПИСА
Създаване/Редакция Редакция
Дата на регистрацията/редакция 2022-12-01
Наличности
Код за отписване Код за изгубен артикул Източник на класификационната схема Код за повреда Коз за рестрикции Код за отдаване Артикулен № Име на библиотеката - собственик Име на библиотеката, в която се намира в момента Статус (Текущо местоположение) Дата на вписване в системата Местоположение - отдел Цена в лева Инвентарен номер Систематично азбучна сигнатура Баркод Номер на екземпляра Цена в евро Служебна бележка Служебен тип на артикула
  Не е изгубен Universal Decimal Classification Не е повреден без рестрикции ползва се в читалня 66039 Регионална библиотека "Любен Каравелов" Русе Регионална библиотека "Любен Каравелов" Русе Хранилище 1980-01-01 Хранилище 1.33 298099 Цб 102024 120000298099 1 0.68 Вид: Сф Дата: 01.01.1980 Книги
Изтеглен Не е изгубен Universal Decimal Classification Не е повреден без рестрикции заемане за дома 66040 Регионална библиотека "Любен Каравелов" Русе Регионална библиотека "Любен Каравелов" Русе Заемна - подръчен фонд 1980-01-01 Заемна - подръчен фонд 1.33 299187 П 631/В 46 299187 2 0.68 Вид: Сф Дата: 01.01.1980 Книги
Vip Innovations Ltd, Rousse, Bulgaria 2025